5HLuxD.jpg

KING HENRY VIII SENIOR AND PRIMARY SCHOOL LIBRARY OPAC

MY LITTLE BOOK OF VOLCANOES AND EARTHQUAKES (Record no. 4480)

000 -LEADER
fixed length control field 00355nam a22001217a 4500
008 - FIXED-LENGTH DATA ELEMENTS--GENERAL INFORMATION
fixed length control field 250225b ||||| |||| 00| 0 eng d
020 ## - INTERNATIONAL STANDARD BOOK NUMBER
International Standard Book Number 9781784935412
082 ## - DEWEY DECIMAL CLASSIFICATION NUMBER
Classification number 551.21 MAR
100 ## - MAIN ENTRY--PERSONAL NAME
Personal name MARTIN,CLAUDIA
Relator term AUTHOR
245 ## - TITLE STATEMENT
Title MY LITTLE BOOK OF VOLCANOES AND EARTHQUAKES
260 ## - PUBLICATION, DISTRIBUTION, ETC.
Place of publication, distribution, etc. 6 ORCHARD LAKE FOREST,CA 92630
Name of publisher, distributor, etc. QEB PUBLISHING LTD
Date of publication, distribution, etc. 2015
942 ## - ADDED ENTRY ELEMENTS (KOHA)
Source of classification or shelving scheme
Holdings
Withdrawn status Lost status Source of classification or shelving scheme Damaged status Not for loan Collection code Permanent Location Current Location Shelving location Date acquired Total Checkouts Total Renewals Full call number Barcode Date last seen Date last checked out Price effective from Koha item type Public note
          ICT KH8 Primary School Library KH8 Primary School Library Non Fiction 2025-02-25 3 1 551.21 MAR KHPL000006233 2026-03-10 2026-02-10 2025-02-25 Books - Non Ficton KH8 PRIMARY LIBRARY

Powered By KH8 IT Dept